000
00421nam a2200133Ia 4500
008
240521s9999 xx 000 0 und d
082
_a
641.5
_b
KIR
100
_a
க்ருஷ்ணி கோவிந்த்
245
0
_a
சீக்ரெட் கிச்சன்
260
_b
சூரியன் பதிப்பகம்
_c
2018
300
_a
191 pages
650
_a
சமையல்
942
_c
TAMIL
999
_c
501850
_d
501850